000 00659nam a2200229Ia 4500
003 OSt
005 20241125104508.0
008 210716s2004 xx 000 0 und d
040 _cAIMIT LIBRARY
041 _aeng
082 _a332
_21
_bICFA
245 _aCase studies in finance /
250 _a1st ed
260 _aHyderabad :
_bICFAI centre for management research ,
_c2004.
300 _a271p. ;
_bPB
_c28.5 cm
440 _vII
500 _aVol-II
650 _aInternational finance and trade
_9186316
650 _aManagement of financial institutions
_9186317
650 _aMergers and acquisitions
_9186318
942 _2ddc
_cBK
_e1st
_k332 ICFA
999 _c199544
_d199544